000 01003nam a22002417a 4500
005 20080703121348.0
008 080703t xxu||||| |||| 00| f hin d
010 _aHIN-83731
020 _c80.00
_a8181130197
035 _aHN-56077
037 _bDBAD / PUB
040 _aDPL
_bHN
082 _a
100 _aपरदेशी
245 _aआईत्मसिद्धा /
_cपरदेशी
246 _aAatamsiddha
_bPardeshi
260 _aदिल्ली
_bगंगा प्रकाशन
_c2007
270 _a518/6-बी, कड़कड़ी रोड, विश्वास नगर, शाहदरा
_bदिल्ली
_e110032
300 _a72पृ
_c22सेमी(सजिल्द)
650 _aHindi Novels
942 _2ddc
_cHN
_h
_mपरदे
999 _c14197
_d14197